Statistics for All Chris Travis Songs

Click here to take the quiz!

General Stats

  • This quiz has been taken 10 times
  • The average score is 55 of 303

Answer Stats

AlbumSong% Correct
Gotham CityGotham City
50%
Hidden in the MistHidden in the Mist
50%
Teenage Freak Show(Intro) Teenage Freak Show
50%
Pizza & CodeineMiss Me When I'm Gone
50%
WATERSZNWaterszn
50%
Water WorldWater World
50%
After EffectsAbsorbing Energy
33%
Pizza & CodeineActavis
33%
Side EffectsDiamonds
33%
Side EffectsDiamonds Pt. 2
33%
Never ForgetDrop Down
33%
After EffectsF**k You, Pay Me
33%
Pizza & CodeineHow It Is
33%
Pizza & CodeineIntro
33%
Some (Silence of Me Eternally)Let Me F**k
33%
Pizza & CodeinePurple Thoughts
33%
Art of DestructionSick
33%
Pizza & CodeineStayin True
33%
See You ThereSwerve Slow
33%
Hell on Earth (H.O.E.)1995 THOWEED UP
17%
Tape of Terror1 Minute Flow
17%
Shark Boy20k
17%
Water World2 Is Better 棍子
17%
See You There2 Woods Up
17%
Art of Destruction5 A.M
17%
Art of Destruction7-11
17%
Pizza & Codeine80 Dime Bags (Boomin' Like Alicia Keys)
17%
8LVLSAction
17%
Never ForgetAdapt
17%
No TrespassingAdlib
17%
Hidden in the MistAdult Swim Pt. 2
17%
Forgive MeAin't Safe
17%
Art of DestructionAnnihilate
17%
Born in the WinterAnother Planet
17%
WATERSZNApe Boy
17%
Shark BoyBack At It
17%
Pizza & CodeineBalance
17%
Hell on Earth (H.O.E.)BANANAS
17%
Live from the EastBand Club
17%
WATERSZNBeam
17%
WATERSZNBeen Froze
17%
Side EffectsB***h Im Kenshin Travis
17%
Art of DestructionBreak Fast (Intro)
17%
WATERSZNBreak Sh*t
17%
The RuinedBring It Back
17%
Tape of TerrorBruno
17%
Live from the EastBy Myself
17%
Tape of TerrorCall Me
17%
Soundcloud V Files, Vol. 1Came Thru
17%
Shark BoyCant Save Em
17%
No TrespassingCan't See
17%
Hell on Earth (H.O.E.)CHIEF (1997)
17%
Water WorldChillout (Intro)
17%
Tape of TerrorClarksville (Intro)
17%
Tape of TerrorClearly
17%
Born in the WinterClosed Curtains
17%
Soundcloud V Files, Vol. 1Clutch
17%
Pizza & CodeineCodeine Vision
17%
Born in the WinterCold Heart
17%
Art of DestructionCollapse
17%
After EffectsColor Blinded
17%
Born in the WinterCome Home with Me
17%
Live from the EastCome Over
17%
See You ThereComin Thru
17%
Tape of TerrorCommotion
17%
SeaBedsCondensation
17%
Teenage Freak ShowControl
17%
Water WorldCountry Grammar
17%
The RuinedCrazier
17%
Art of DestructionCrazy
17%
Water WorldCream of the Crop
17%
Hidden in the MistCrystal Clear
17%
See You ThereCurrent Motion
17%
Water WorldDay One (Freestyle)
17%
Born in the WinterDon't Care
17%
Live from the EastDrinkin More Water
17%
Forgive MeDrive
17%
Pizza & CodeineDrugs (Wavadelic Freestyle Pt. 2)
17%
Never ForgetDrunk Off Water
17%
See You ThereEnjoy the Moment
17%
Gotham CityEternal Pits
17%
Shark BoyEvery Second
17%
Forgive MeEverything You Said
17%
Soundcloud V Files, Vol. 1Fabio
17%
SeaBedsFallenLeaves
17%
Stay PureFeel Like
17%
SeaBedsFijiFalls
17%
Born in the WinterF**k the World
17%
Born in the WinterFlex Action Wherever You Want
17%
Live from the EastFlip Sh*t
17%
Soundcloud V Files, Vol. 1Floodwatch Freestyle
17%
SeaBedsForestFires
17%
Some (Silence of Me Eternally)For Eternity
17%
Some (Silence of Me Eternally)For Lights
17%
Pizza & CodeineFor the Love of $
17%
The RuinedFor the Summer
17%
WATERSZNFreak Hoes / 3
17%
Soundcloud V Files, Vol. 1Free Gucci
17%
Some (Silence of Me Eternally)Friends
17%
Water WorldFruit Pack
17%
Water WorldFull Bred Ape
17%
Soundcloud V Files, Vol. 1Get Back
17%
Side EffectsGet High
17%
Forgive MeGet Some Money
17%
Some (Silence of Me Eternally)Girl, Look at Chu
17%
Shark BoyGive and Go
17%
Forgive MeGiven Orders
17%
Water WorldGlide Drexler
17%
Water WorldGone (Freestyle)
17%
Live from the EastGotta Get It
17%
Stay PureH20
17%
Shark BoyHA HA HA
17%
Never ForgetHair Down
17%
Side EffectsHallucinate Dreaming
17%
WATERSZNHardcore
17%
Some (Silence of Me Eternally)Hate and Love
17%
Teenage Freak ShowHead Up
17%
Shark BoyHere for You (Interlude)
17%
Some (Silence of Me Eternally)Highdration
17%
WATERSZNHit 'em
17%
Art of DestructionHold Me Up
17%
Teenage Freak ShowHop On the Beat Freestyle
17%
Gotham CityHotel Room Service
17%
Tape of TerrorHow I'm Living?
17%
8LVLSHow You Feel
17%
Hell on Earth (H.O.E.)Hypnotize
17%
Forgive MeIceland
17%
Tape of TerrorI Don't Drink Coffee
17%
Side EffectsI Know
17%
See You ThereIma Go (Interlude)
17%
Born in the WinterI'm Winning
17%
Gotham CityI Need You
17%
Forgive MeIn My World (Interlude)
17%
Side EffectsIn My Zone
17%
The RuinedInstinct
17%
Gotham CityIn the Pain
17%
Soundcloud V Files, Vol. 1Invincible
17%
Soundcloud V Files, Vol. 1Invoice
17%
Some (Silence of Me Eternally)I Remember
17%
Never ForgetI Still Know
17%
After EffectsIs You Rollin
17%
See You ThereI Think I Got It Bro
17%
Soundcloud V Files, Vol. 1It's Nothin (Freestyle)
17%
Side EffectsIt Was a Dream
17%
Stay PureJudgement Day
17%
Some (Silence of Me Eternally)Just Ashin
17%
Shark BoyKaiju
17%
See You ThereLast Bite
17%
Never ForgetLast Weekend
17%
Never ForgetLA to Memphis
17%
WATERSZNLay Up
17%
Shark BoyLemon Water
17%
Gotham CityLet Down
17%
Tape of TerrorLet Me Fall
17%
Hidden in the MistLet Me Flex
17%
Gotham CityLet Me in Your World
17%
Born in the WinterLet Me Live Intro
17%
Live from the EastLet Me Up
17%
Art of DestructionLet's Politic
17%
Gotham CityLights Off
17%
Shark BoyLight Some Mo
17%
Soundcloud V Files, Vol. 1Like Me
17%
Some (Silence of Me Eternally)Live from the Creek
17%
Live from the EastLive from the East
17%
SeaBedsLoading...
17%
Water WorldLogged Off
17%
Live from the EastLookin Through the Scope
17%
Never ForgetLost
17%
WATERSZNLow Life (Interlude)
17%
WATERSZNLucy
17%
See You ThereLullaby
17%
The RuinedMad At Me
17%
8LVLSMamacita
17%
After EffectsMan of the Year
17%
Art of DestructionMax Payne
17%
Live from the EastMeant to Me
17%
Water WorldMemphis N***az
17%
Never ForgetMemphis to LA
17%
Some (Silence of Me Eternally)Mic Check
17%
Hidden in the MistMisty
17%
Tape of TerrorMove in Silence
17%
Born in the WinterMutual Feelings
17%
Shark BoyMy G
17%
The RuinedMy Own
17%
Hell on Earth (H.O.E.)MYSTIC STYLES B***H
17%
WATERSZNNemo
17%
Tape of TerrorNever Ending Cycle
17%
Live from the EastNew Memphis
17%
Gotham CityNight Ryder
17%
Some (Silence of Me Eternally)No Purpose
17%
Never ForgetNo Signal
17%
Born in the WinterNo Stains
17%
See You ThereOh No
17%
Some (Silence of Me Eternally)One Cup of Water
17%
SeaBedsOneWayRoad
17%
After EffectsOn the Town
17%
See You ThereOver and Over
17%
Stay PurePay Per View Ken
17%
The RuinedPick Up
17%
Side EffectsPink Cups
17%
Pizza & CodeinePlayers Palace
17%
Art of DestructionPoplar
17%
Hell on Earth (H.O.E.)PROPHET
17%
Pizza & CodeinePsychedelic Funk
17%
Gotham CityPure Life
17%
Hell on Earth (H.O.E.)PVGER BXXMING
17%
Forgive MeRage
17%
After EffectsRed Roses
17%
Side EffectsReflections (Intro)
17%
Teenage Freak ShowRelapse
17%
Soundcloud V Files, Vol. 1Restless
17%
Forgive MeResurrection
17%
Water WorldRichy Rich
17%
Soundcloud V Files, Vol. 1Ride Up
17%
Teenage Freak ShowRing Ring
17%
See You ThereR Rated
17%
Hell on Earth (H.O.E.)RXVL XYXS
17%
Born in the WinterSacred Missions
17%
Teenage Freak ShowScrub the Ground
17%
Some (Silence of Me Eternally)Sea Deep
17%
Live from the EastSecrets
17%
The RuinedSee Me Down
17%
Shark BoySeen a Ghost
17%
Born in the WinterShe Growed On Me
17%
Teenage Freak ShowShe Wanna Smoke
17%
Hidden in the MistShining Angel
17%
Shark BoyShoutout to My Luxury
17%
Pizza & CodeineSip That Sh*t
17%
Side EffectsSleepless Nights
17%
Live from the EastSlow It Down (Interlude)
17%
Water WorldSmile (Outro)
17%
Art of DestructionSmoking OG
17%
Live from the EastSmokin Up
17%
WATERSZNSo Conceited
17%
No TrespassingSolid
17%
Hidden in the MistSomething Different
17%
See You ThereSpace Jam
17%
Tape of TerrorSpring Water
17%
Tape of TerrorSRT Engine
17%
Hidden in the MistStuck on the Couch (Intro)
17%
Shark BoySwervin Off You
17%
Tape of TerrorTake It Slow (Interlude)
17%
Gotham CityTake You Home
17%
The RuinedTake You There
17%
The RuinedThat's Cool
17%
See You ThereThe Bad Side of Me
17%
Soundcloud V Files, Vol. 1The Break
17%
Art of DestructionThe Chills
17%
Hell on Earth (H.O.E.)THE CHRONICLES
17%
Live from the EastThe Days
17%
The RuinedThe Encore
17%
Soundcloud V Files, Vol. 1The Godfather Is Here
17%
WATERSZNThe Intercontinental
17%
Some (Silence of Me Eternally)The Message
17%
Shark BoyThe Movement (Intro)
17%
The RuinedThe Only Option
17%
Live from the EastThe Sand (Intro)
17%
Born in the WinterThe Truth
17%
After EffectsThe Unbirth
17%
Pizza & CodeineThe Veronica Interlude
17%
Some (Silence of Me Eternally)They Like
17%
WATERSZNThink About It
17%
8LVLSThug Me Like Dat
17%
Gotham CityTill the Day
17%
WATERSZNTo Be Honest
17%
Pizza & CodeineTokyo (Wet Like My B***hes)
17%
SeaBedsTop8 (Extended Network)
17%
Shark BoyTriple Threat
17%
Hidden in the MistTropical
17%
Forgive MeTry Again
17%
Teenage Freak ShowTwerk a Little
17%
Tape of TerrorTwilight
17%
Born in the WinterUndeniable
17%
Never ForgetUnder Lights Interlude
17%
8LVLSUnk
17%
Some (Silence of Me Eternally)Unreal
17%
The RuinedUnresponsive
17%
Live from the EastWassup with You
17%
See You ThereWatch and Forget It
17%
Born in the WinterWater Boyz Ent.
17%
See You ThereWater Party
17%
Art of DestructionWe Freaky
17%
Stay PureWe OD
17%
Stay PureWet as She Dip
17%
The RuinedWe Up
17%
Soundcloud V Files, Vol. 1What It Is
17%
Some (Silence of Me Eternally)What You Wanted
17%
Pizza & CodeineWhen We Ride
17%
Never ForgetWhere My Money
17%
See You ThereWhere You At
17%
No TrespassingWhere You From
17%
After EffectsWhere You Goin
17%
Never ForgetWhite
17%
8LVLSWho Needs Love
17%
Stay PureWhores on Deck
17%
Teenage Freak ShowWhy So Serious?
17%
Art of DestructionWith My Friends
17%
Water WorldWork
17%
Never ForgetWorld Pain
17%
Hidden in the MistYellow Diamonds
17%
Live from the EastYou Can Tell
17%
Art of DestructionYou Don't Know
17%
See You ThereYou Know, You Know
17%

Score Distribution

Percentile by Number Answered

Percent of People with Each Score

Your Score History

You have not taken this quiz